=LDR 00000nam 2200000 4500 =001 INLIS000000000002053 =005 20220117015510 =035 ##$$a 0010-0122000728 =245 1#$$a Pengolahan Buku Semu Mete Menjadi Minuman Sirup untuk Meningkatkan Pendapatan Petani Mete di Kabupaten Sidrap : $b Tugas Akhir /$c Muhammad Zulkarnain =100 1#$$a ZULKARNAIN, Muhammad =250 ##$$a 2011 =300 ##$$a x, 47 halaman : $b Tabel, gambar ; $c 20x28 cm =856 ##$$a OPAC (Rak TA TPL 2011) =260 ##$$a Makassar :$b Akademi Teknik Industri Makassar - Tenaga Penyuluh Lapangan,$c 2011 =082 ##$$a (R)2011 TA-TPL 818 =084 ##$$a (R)2011 TA-TPL 818 ZUL p =650 #4$$a Tugas Akhir TPL 2011 =500 ##$$a Tugas Akhir TPL 2011 =990 ##$$a 53/TA TPL 2011